[Event "Wolfsburg op-B"]
[Site "Wolfsburg"]
[Date "2024.11.17"]
[Round "4"]
[White "Sviridov, Vitaliy"]
[Black "Schubert, Matthias"]
[Result "1-0"]
[WhiteElo "1765"]
[BlackElo "1886"]
[PlyCount "95"]
[EventDate "2024.11.15"]
[EventType "swiss"]
[EventRounds "5"]
[EventCountry "GER"]
[SourceTitle "CB49_2024"]
[SourceDate "2024.12.04"]
[SourceVersion "1"]
[SourceVersionDate "2024.12.04"]
[SourceQuality "1"]

1. d4 Nf6 2. Nf3 g6 3. Bf4 Bg7 4. c3 0-0 5. h3 d6 6. e3 b6 7. Be2 c5 8. 0-0 Bb7 9. Nbd2 Nbd7 10. Bh2 Qc7 11. Qb3 Rac8 12. Qa3 Qb8 13. Ba6 Rc7 14. Bxb7 Qxb7 15. Qb3 Bh6 16. a4 Rfc8 17. Rfd1 a6 18. Kf1 Nd5 19. Qa2 c4 20. Qb1 b5 21. Ne4 Bxe3 22. Bxd6 Rc6 23. Nc5 Nxc5 24. Bxc5 Bf4 25. Re1 Qd7 26. axb5 axb5 27. Ne5 Bxe5 28. Rxe5 f6 29. Re4 e5 30. Ba3 Nf4 31. dxe5 Nd3 32. Qc2 fxe5 33. Qe2 Rf6 34. f3 Qf7 35. Kg1 Rcc6 36. Kh2 h5 37. Qe3 Kh7 38. Rf1 Rf4 39. Kg1 Rcf6 40. Rxf4 exf4 41. Qd4 Re6 42. b3 Re2 43. bxc4 bxc4 44. Bd6 g5 45. Ra1 Rb2 46. Ra7 Rb1+ 47. Kh2 Rb7 48. Qe4+ 1-0

[Event "Schoeningen rapid op"]
[Site "Schoeningen"]
[Date "2024.06.16"]
[Round "9"]
[White "Marzik, Arne"]
[Black "Sviridov, Vitaliy"]
[Result "0-1"]
[WhiteElo "1792"]
[BlackElo "1771"]
[PlyCount "58"]
[EventDate "2024.06.16"]
[EventType "swiss (rapid)"]
[EventRounds "9"]
[EventCountry "GER"]
[SourceTitle "CBM 221 Extra"]
[Source "ChessBase"]
[SourceDate "2024.09.30"]
[SourceVersion "1"]
[SourceVersionDate "2024.09.30"]
[SourceQuality "1"]

1. d4 d5 2. c4 e6 3. Nf3 Nf6 4. Nc3 Be7 5. Bf4 a6 6. e3 0-0 7. Bd3 dxc4 8. Bxc4 b5 9. Bd3 Bb7 10. 0-0 Nbd7 11. Rc1 c5 12. b3 cxd4 13. Nxd4 Rc8 14. Nf3 Nh5 15. Bg3 Nxg3 16. hxg3 Nc5 17. Bb1 Qa5 18. Qe2 Bf6 19. g4 Bxc3 20. g5 g6 21. Nd4 b4 22. Kh2 Qc7+ 23. Kg1 Qe5 24. Nf3 Bxf3 25. Qxf3 Qxg5 26. a3 a5 27. axb4 axb4 28. Rcd1 Nxb3 29. Ba2 Nd2 0-1

[Event "GER-ch Amateurs"]
[Site "Bad Wildungen"]
[Date "2024.??.??"]
[Round "2"]
[White "Merth, Philipp"]
[Black "Sviridov, Vitaliy"]
[Result "0-1"]
[WhiteElo "1803"]
[BlackElo "1744"]
[PlyCount "86"]
[EventDate "2024.08.03"]
[EventType "swiss"]
[EventRounds "5"]
[EventCountry "GER"]
[SourceTitle "CBM 221 Extra"]
[Source "ChessBase"]
[SourceDate "2024.09.30"]
[SourceVersion "1"]
[SourceVersionDate "2024.09.30"]
[SourceQuality "1"]

1. d4 d5 2. Nf3 e6 3. e3 Nf6 4. Bd3 Be7 5. b3 0-0 6. Bb2 Nbd7 7. Nbd2 Re8 8. 0-0 Nf8 9. Ne5 N6d7 10. f4 f6 11. Nxd7 Bxd7 12. c4 f5 13. Nf3 Ng6 14. Qc2 Rf8 15. Rac1 c6 16. Qe2 Qe8 17. a4 Nh8 18. Ne5 Nf7 19. g4 Nxe5 20. fxe5 g6 21. Qg2 Kh8 22. Qg3 Rf7 23. Kh1 Qf8 24. Rc2 Rc8 25. g5 a6 26. c5 Kg7 27. h4 Qd8 28. Bc3 Ra8 29. a5 Qh8 30. h5 gxh5 31. Rg1 Rg8 32. Rh2 Kf8 33. Rxh5 Rfg7 34. Qh4 Be8 35. Rh6 Bxg5 36. Rxg5 Rxg5 37. Rxe6 Rg1+ 38. Kh2 R8g2+ 39. Kh3 Rh1+ 40. Kxg2 Rxh4 41. Bxf5 Qg7+ 42. Kf3 Bh5+ 43. Kf2 Rh2+ 0-1

[Event "Main Vogelsberg op 17th"]
[Site "Waechtersbach"]
[Date "2023.10.02"]
[Round "7"]
[White "Blank, Stefan"]
[Black "Sviridov, Vitaliy"]
[Result "1-0"]
[WhiteElo "1676"]
[BlackElo "1538"]
[PlyCount "85"]
[EventDate "2023.09.30"]
[EventType "swiss"]
[EventRounds "7"]
[EventCountry "GER"]
[SourceTitle "EXT 2025"]
[Source "ChessBase"]
[SourceDate "2024.10.14"]
[SourceVersion "1"]
[SourceVersionDate "2024.10.14"]
[SourceQuality "1"]
[WhiteTeam "SC Sulzbach"]
[BlackTeam "SG Koenigslutter"]

1. e4 d5 2. exd5 Qxd5 3. Nc3 Qd6 4. Nf3 c6 5. Be2 Nf6 6. h3 Bf5 7. d3 e6 8. Nh4 Bg6 9. Nxg6 hxg6 10. a3 Be7 11. Be3 0-0 12. Qd2 Qc7 13. h4 Rd8 14. h5 gxh5 15. Bxh5 Nbd7 16. Bf3 Ne5 17. Bf4 Bd6 18. Bxe5 Bxe5 19. g3 Nd5 20. Nxd5 cxd5 21. d4 Bf6 22. c3 Qe7 23. Be2 g6 24. f4 Kf8 25. Bb5 a6 26. Ba4 b5 27. Bc2 Rdc8 28. Rh7 Bg7 29. Qh2 f5 30. Kd2 Ke8 31. Re1 Kd7 32. g4 Qf6 33. Qh6 Rg8 34. gxf5 Kd8 35. Qxg6 Qxg6 36. fxg6 Kd7 37. f5 Kd8 38. Rxe6 Bf8 39. f6 Rc8 40. g7 a5 41. gxf8Q+ Rxf8 42. Rd6+ Ke8 43. Re7# 1-0

[Event "Main Vogelsberg op 17th"]
[Site "Waechtersbach"]
[Date "2023.10.01"]
[Round "3"]
[White "Hochmuth, Lukas"]
[Black "Sviridov, Vitaliy"]
[Result "0-1"]
[WhiteElo "1350"]
[BlackElo "1538"]
[PlyCount "110"]
[EventDate "2023.09.30"]
[EventType "swiss"]
[EventRounds "7"]
[EventCountry "GER"]
[SourceTitle "EXT 2025"]
[Source "ChessBase"]
[SourceDate "2024.10.14"]
[SourceVersion "1"]
[SourceVersionDate "2024.10.14"]
[SourceQuality "1"]
[WhiteTeam "SC Bad Nauheim"]
[BlackTeam "SG Koenigslutter"]

1. e4 d5 2. exd5 Qxd5 3. Nc3 Qd6 4. Nf3 c6 5. Be2 Nf6 6. 0-0 Bg4 7. d4 Nbd7 8. Bg5 e6 9. Bh4 Be7 10. a3 Qc7 11. Bg3 Bd6 12. Qd3 0-0 13. Rfe1 Rad8 14. Bxd6 Qxd6 15. Ne4 Nxe4 16. Qxe4 Nf6 17. Qe5 Bxf3 18. Bxf3 Qxd4 19. Qxd4 Rxd4 20. Rad1 Rfd8 21. Rxd4 Rxd4 22. Kf1 Kf8 23. Ke2 Ke7 24. Ke3 Rd7 25. c4 Kd6 26. b4 Kc7 27. Rb1 Ne8 28. c5 Nf6 29. Rc1 Nd5+ 30. Ke4 Kd8 31. Ke5 Ke7 32. Rc2 f6+ 33. Ke4 g6 34. Be2 a6 35. Bc4 Nc7 36. Be2 h6 37. Rb2 f5+ 38. Kf3 Kf6 39. a4 Rd4 40. Ke3 e5 41. h3 Nd5+ 42. Kf3 f4 43. b5 h5 44. g4 e4+ 45. Kg2 f3+ 46. Bxf3 exf3+ 47. Kxf3 hxg4+ 48. hxg4 Rxa4 49. bxc6 bxc6 50. Rb8 Ke6 51. Rd8 Ne7 52. Kg3 a5 53. f4 Rc4 54. f5+ gxf5 55. gxf5+ Kf7 0-1